Yu-gi-oh! Anime Quiz - Statistics

General Stats
  • This quiz has been taken 78 times
  • The average score is 14 of 50
Answer Stats
Hint Answer % Correct
Villain: Evil cartoon lover; has one eye Maximillian Pegasus
98%
Millennium Item: contains the soul of the pharaoh Puzzle
66%
Millennium Item: can read minds Eye
63%
Villain: Is secretly Zorc; hides in the ring Ryou Bakura
63%
Millennium Item: contains the soul of Zorc Ring
53%
Millennium Item: can brainwash people Rod
47%
Millennium Item: can see the future Necklace
44%
Villain: Split personality; killed his own father Marik Ishtar
39%
Main Character: Signer that uses Stardust Dragon Yusei Fudo
39%
Fusion Monster: Ojama Yellow + Ojama Green + Ojama Black Ojama King
36%
Fusion Monster: Cyber Dragon + Cyber Dragon + Cyber Dragon Cyber End Dragon
34%
Millennium Item: can look into someone’s soul Key
34%
Villain: androgynous demon that possesses Jaden and Jesse Yubel
34%
Rival: Destiny Hero User Aster Phoenix
32%
Rival: Signer that uses Red Dragon Archfiend Jack Atlas
32%
Rival: Cyber Dragon User Zane Truesdale
32%
Fusion Monster: Elemental HERO Avian + Elemental HERO Burstinatrix Elemental HERO Flame Wingman
31%
Millennium Item: judges the soul of someone Scales
31%
Rival: Armed Dragon/VWXYZ/Ojama User Chazz Princeton
27%
Synchro Monster: Signer dragon used by Luna Ancient Fairy Dragon
25%
Side Character: Surprise New 5th Signer Crow
25%
Side Character: Hidden 6th Signer Leo
24%
Plot Device: power/summoning technique discovered by Yuya Pendulum
24%
Villain: leader of the Society of Light Sartorius
24%
Villain: leader of the Seven Barian Emperors Nash
22%
Main Character: Signer that uses Black Rose Dragon Akiza Izinski
20%
Villain: courageous fighter of the Seven Barian Emperors Alito
20%
Villain: Dark Signer: murdered by Sayer; in love with a signer Carly Carmine
20%
Villain: God of the Seven Barian Emperors Don Thousand
20%
Villain: sister of the leader of the Seven Barian Emperors Marin
20%
Villain: Brother of the above; mixes the power of the Signers with the Dark Signers Rex Goodwin
20%
Villain: psychotic outcast of the Seven Barian Emperors Vector
20%
Villain: best friend of the leader of the Seven Barian Emperors Dumon
19%
Fusion Monster: Previous answer + Elemental HERO Sparkman Elemental HERO Shining Flare Wingman
19%
Villain: leader of the Seven Shadow Riders Kagemaru
19%
Villain: deformed father of Trey, Quattro, and Quinton Vetrix
19%
Rival: dueling prodigy that is the leader of The Lancers Declan Akaba
17%
Villain: neglectful father of Kite and Hart Dr. Faker
17%
Villain: Dark Signer: died in prison; betrayed by a signer Kalin Kessler
17%
Villain: Galaxy-Eyes master of the Seven Barian Emperors Mizar
17%
Villain: Dark Signer: former signer, leader of the Dark Signers Roman Goodwin
17%
Side character: XYZ user who uses Raidraptor cards Shay Obsidian
17%
Villain: psychotic Alternate Dimensional version of the main character Yuri
17%
Villain: massive brute of the Seven Barian Emperors Girag
15%
Side character: main character’s best friend, who refuses to play spell cards Gong Strong
15%
Side Character/Villain: twist-Villain with a horde of demonic stuffed animals Sora Perse
14%
Sister of the above, one of the alternate versions of the main female characters Lulu Obsidian
12%
Villain: con-man that infiltrates the Lancers Dennis McField
10%
Fusion Monster: Edge Imp Sabres + Fluffal Bear Frightfur Bear
10%
Rival: rich boy, who progressively gets humbled throughout the story Sylvio Sawatari
10%
No matching quizzes found
Score Distribution
Percent of People with Each Score
Percentile by Number Answered
Your Score History
You have not taken this quiz